La universidad en clave de género : a 100 años de la reforma universitaria.

Guardado en:
Autor Principal: Pautassi, Laura, (comp.)
Otros Autores: Balardini, Lorena, (comp.)
Formato: Libro
Publicado: Universidad de Buenos Aires. Facultad de Derecho. Departamento de Publicaciones, 2020.
Edición:1ra. ed.
Materias:
Etiquetas: Agregar Etiqueta
Sin Etiquetas, Sea el primero en etiquetar este registro!
LEADER 00836nam a2200193Ia 4500
001 DER.der015023
008 211029s2020####ag#||||||||||||||#|||||#d
005 20240806163144.0
245 0 |a La universidad en clave de género :  |b a 100 años de la reforma universitaria. 
250 |a 1ra. ed. 
260 ^ a |b Universidad de Buenos Aires. Facultad de Derecho. Departamento de Publicaciones,  |c 2020. 
300 |a 88 p. 
505 ^ a |a I Parte. La universidad desde un enfoque de género en el centenario de la reforma -- II Parte. Los desafíos para la participación plena de las mujeres en las Facultades de la UBA. 
020 |a 9789873810329 
100 |a Pautassi, Laura,  |e comp.  |9 31314 
700 1 |a Balardini, Lorena,  |e comp. 
650 7 |a HISTORIA UNIVERSITARIA 
650 7 |a PERSPECTIVA DE GENERO 
859 |a DERECHO  |b BIB. DERECHO  |h 378.008  |i PAU  |p 0010468